Zákon o reklame novelizovaný
Novela zákona o reklame, ktorá začne platiť od apríla, prerozdeľuje kompetencie orgánom štátnej správy pre dozor nad reklamou jednotlivých druhov tovarov. Najzásadnejšie zmeny novely. Zvýšenie postihu. Stanovené minimum pokuty.
Enregistré dans:
| Auteur principal: | |
|---|---|
| Format: | Chapitre de livre |
| Langue: | slovaque |
| Sujets: | |
| Tags: |
Pas de tags, Soyez le premier à ajouter un tag!
|
MARC
| LEADER | 00000naa$a2200000$$$4500 | ||
|---|---|---|---|
| 001 | 0054246 | ||
| 005 | 20231127111635.9 | ||
| 041 | 0 | |a slo | |
| 044 | |a SK | ||
| 245 | 1 | 0 | |a Zákon o reklame novelizovaný |c Valéria Černegová |
| 520 | |a Novela zákona o reklame, ktorá začne platiť od apríla, prerozdeľuje kompetencie orgánom štátnej správy pre dozor nad reklamou jednotlivých druhov tovarov. Najzásadnejšie zmeny novely. Zvýšenie postihu. Stanovené minimum pokuty. | ||
| 610 | 2 | 0 | |a reklama |
| 610 | 2 | 0 | |a zákony |
| 610 | 2 | 0 | |a novelizácia |
| 610 | 2 | 0 | |a 2007 |
| 100 | 1 | |a Černegová, Valéria | |